000 00724nam a2200205 i 4500
001 43752
003 ES-MaACL
007 t|
008 030318s1869 fr ||||1| fre d
100 1 _aCaumont, A. de.
_937114
245 1 0 _aAbécedaire ou rudiment d'Archéologie /
_cpar A. de Caumont.
260 _aCaen :
_bF. Le Blanch-Hardel,
_c1869.
300 _a3 v. ;
_c23 cm.
500 _aVolumenes pertenecientes a distintas ediciones.
505 8 _aContiene: V. I: Architectures civile et militaire. -- V. I: Ere gallo-romaine. -- V. III: Architecture religieuse
740 0 _aArchitectures civile et militaire.
740 0 _aEre gallo-romaine.
740 0 _aArchitecture religieuse.
852 _aES-MaACL
_jB-2301-2303
999 _c43752
_d43752